Practical stamp (Record no. 75097)
[ view plain ]
| 000 -LEADER | |
|---|---|
| fixed length control field | 00647cab a2200181 4500 |
| 001 - CONTROL NUMBER | |
| control field | L129389 |
| 008 - FIXED-LENGTH DATA ELEMENTS--GENERAL INFORMATION | |
| fixed length control field | 050415n2005 000 0 eng u |
| 035 ## - SYSTEM CONTROL NUMBER | |
| System control number | (Sirsi) u129389 |
| 041 ## - LANGUAGE CODE | |
| Language code of text/sound track or separate title | eng |
| 100 ## - MAIN ENTRY--PERSONAL NAME | |
| Personal name | Hutton, Matthew |
| 245 ## - TITLE STATEMENT | |
| Title | Practical stamp |
| 260 ## - PUBLICATION, DISTRIBUTION, ETC. | |
| Date of publication, distribution, etc. | 2005 |
| 490 ## - SERIES STATEMENT | |
| Series statement | Taxation |
| Volume/sequential designation | 155(4002) 7 April 2005, 15-17(3) |
| 520 ## - SUMMARY, ETC. | |
| Summary, etc. | Outlines the practicalities of dealing with Stamp Duty Land Tax in relation to trusts and estates. Highlights the fact that some areas still remain uncertain which practitioners need to approach with caution. |
| 590 ## - LOCAL NOTE (RLIN) | |
| Local note | IKA150405 |
| 690 ## - LOCAL SUBJECT ADDED ENTRY--TOPICAL TERM (OCLC, RLIN) | |
| Topical term or geographic name as entry element | PROPERTY-PROPERTY TAXATION-STAMP DUTY |
| 942 ## - ADDED ENTRY ELEMENTS (KOHA) | |
| Suppress in OPAC | 0 |
| Withdrawn status | Lost status | Source of classification or shelving scheme | Damaged status | Not for loan | Home library | Current library | Shelving location | Date acquired | Total Checkouts | Full call number | Barcode | Date last seen | Copy number | Price effective from | Koha item type |
|---|---|---|---|---|---|---|---|---|---|---|---|---|---|---|---|
| Dewey Decimal Classification | London | London | Journal article | 15/04/2005 | L129389 | 129389-1001 | 06/08/2019 | 1 | 06/08/2019 | Journal article |